00442nam a2200181Ia 4500001000900000003000500009005001700014008004100031010001100072040000900083082001600092100002400108245006000132250000800192260002600200300001100226650002300237dia_1497CHAP20251027154416.0220117s1984 xx 000 0 und d a172039 cCHAP a621.101 B8Y aBurghardt, M. David aIngeniería Termodinámica /c por M. David Burghardt a2A. aMéxico. Harlac1984 a558 p. a1.Termodinámica.